000 00510nam a2200181Ia 4500
003 OSt
005 20250205111818.0
008 210210b1968 xxu||||| |||| 00| 0 eng d
040 _cAL
041 _aKannada
082 _a859/816
100 _aTRIVENI
_963779
_dತ್ರಿವೇಣಿ.
245 _aHannele chiguridaga
_bಹಣ್ಣೆಲೆ ಚಿಗುರಿದಾಗ
260 _aMaisuru
_bD V K Murthy Prakashakaru
_c1968
690 _aKannada Fiction
_963780
906 _a021576
942 _2ddc
_cBK
999 _c145664
_d145664